000 01325nam a22002657a 4500
005 20170124103204.0
010 _aB-175971
020 _c150.00
_a8180600467
035 _aB-175971
037 _bCen Lib/Ret
040 _aDPL
_bHN
082 _a005.13
_bशर्मापी
100 _aशर्मा, पी.के.
_993283
245 _aकंप्यूटर परिचालन की पद्धतियाँ /
_cपी.के. शर्मा ; चित्रकार विवेक कौशिक
246 _aComputer parichalan ki paddhtiyan /
_bby P.K. Sharma
260 _aदिल्ली
_bकृति प्रकाशन
_c2005
270 _b दिल्ली
_a4/32 सुभाष गली विश्वास नगत शाहदरा
_e110032
300 _a123पृ.:
_c21सेमी(सजिल्द )
_bसचित्र
650 _aकंप्यूटर विज्ञान
_x
_z
_993284
650 _aकंप्यूटर विज्ञान -- परिचालन की पद्धतियाँ
_993285
650 _aComputer Science
_993286
650 _aComputer Science - Operating Systems
_993287
700 _aकौशिक, विवेक
_993288
942 _2ddc
_cHN
_h005.13
_mशर्मापी
999 _c120895
_d120895